Desafio à educaçäo (Registo nº 25823)

Detalhes MARC
000 -Etiqueta do registo
Valores 00632nam a2200241 4500
090 ## -
-- 25823
100 ## - Dados gerais de processamento
Dados gerais 20090512d1978 km y0pory5003 ba
101 1# - Língua de publicação
-- por
-- fre
102 ## - País de publicação
-- PT
200 1# - Titulo e menção de responsabilidade
Título próprio Desafio à educaçäo
Primeira menção de responsabilidade Jean-Paul Gourévitch
Outras menções de responsabilidade trad. Wanda Ramos
205 ## - Menção da edição
Edição 1ª ed
210 ## - Publicação
Local de publicação Lisboa
Nome do editor Moraes
Data de publicação 1978
215 ## - Descrição física 
Paginação / Volumes 180, [6] p.
Dimensões 20 cm
225 2# - Colecção 
Título próprio da colecção Psicologia e pedagogia
304 ## - Nota relativa ao título
Texto de nota Tít. orig. Défi à l'education
675 ## - CDU
Notação 37
Edição med
Língua por
700 #1 - Autor principal (pessoa individual)
Apelido Gourévitch
Nome P.
Datas 1933-
702 #1 - Autor secundário (pessoa individual)
Apelido Ramos
Nome Vanda
Datas 1948-
-- 730
930 ## -
-- BECRE
999 ## -
-- Moraes
990 ## - Elementos KOHA
Tipo de documento Livro
995 ## - Localização e informação dos exemplares
-- 18
Exemplares
Situação do levantamento Estado Biblioteca de origem Biblioteca de empréstimo Código de barras Cota Permissão de empréstimo Tipo de documento
  Completo Biblioteca da Escola Básica e Secundária Dr Isidoro de Sousa Biblioteca da Escola Básica e Secundária Dr Isidoro de Sousa 1767EV 159.9 PED Disponível Livro




Powered by Koha